Zone euro et pays de l'UE hors zone euro - Statistiques

Statistiques générales
  • Ce quiz a été pris 1 035 fois
  • Le résultat moyen est 25 sur 28
Statistiques - réponses
États membres de l’Union européenne utilisant l’euro Années d'entrée % Correct
France 1999
99%
Allemagne 1999
97%
Espagne 1999
97%
Belgique 1999
96%
Italie 1999
95%
Portugal 1999
95%
Autriche 1999
94%
Estonie 2011
93%
Suède
93%
Finlande 1999
92%
Grèce 2001
91%
Irlande 1999
91%
Lituanie
91%
Luxembourg 1999
91%
Croatie
90%
Pays Bas 1999
90%
Lettonie 1999
89%
Pologne
89%
Slovaquie 2009
89%
Slovénie 2007
89%
Roumanie
88%
Hongrie
87%
Danemark
86%
Malte 2008
85%
Bulgarie
84%
Chypre 2008
81%
Royaume Uni
79%
République tchèque
77%
Aucun quiz correspondant
Distribution des résultats
% des personnes avec chaque résultat
Percentile par nombre de réponses
Votre historique - résultats
Vous n’avez pas pris ce quiz